02292nam a22004817a 4500003000400000005001700004007000300021008004100024040002500065082001500090100003400105245005700139260003400196300002000230490004400250500004600294500005700340505003300397505003100430505004700461505004200508505002300550505003200573505002700605505003800632505004700670505025100717505006900968505007201037505006401109505002801173505002701201505006301228505006201291505006201353505003201415710005201447830003601499942001301535952013601548952010901684999001701793OSt20201204113804.0ta201204b1989 dr ||||| |||| 00| 0 spa d aDO-sdBNPbspacBNPHU axxxbA325m aAlba de Senior, Corina937254 aManual del alcalde pedaneo /cCorina Alba de Senior. aSanto Domingo :bONAP ,c1989 a33 P. ;b21 cm. aCol. ONAP :aEstudios jurídicos ;v37 aCol. dirigida por Raymundo Amaro guzmán aFeria del libro Juan de Jesús Reyes Mao, Valverde.1 aBreve reseña histórica.-1 aDe los alcaldes pedaneos.-1 aDe los ayuntamientos del alcalde pedaneo.-1 aAtribuciones de los alcalde pedaneo.-1 aObras públicas.-1 aRegistro del estado civil.-1 aServicios de sanidad.-1 aAnimales sin dueños conocidos.-1 aCertificación de propiedad de animales.-1 aBeneficio de animales en los campos.- estampa para animales.- lidias de gallos.- aguas públicas.- correo.- servicios agrícolas y forestales.- condiciones de venta de frutos a la flor.- protección de los bosques.- de la policía judicial.-1 aCitaciones del ministerio público y jueces de instrucción.-1 aCitación por acto de alguacil.- embargo de frutos no cosechados.-1 aPorte y tenencia de armas (ley 36 de fecha 17 de octubre).-1 aelecciones públicas.-1 aMensuras catastrales.-1 aNotificación de las sentencias del tribunal de tierras.-1 aDerecho de caza (ley 392, del 20 de septiembre de 1943).-1 aInspección general (art. 17, ley 4401 del año 1956).-1 aLa división territorial.- 4Oficina Nacional de Administración y Personal nEstudios jurídicosp37937255 2ddccLF2 00102ddc51718PDaPDbPDcCTd2013-12-04eDonado por familia Reyes DuluciLF1l0oxxx A325mp49239r2020-12-04w2020-12-04yLFPD 00102ddc718PDaPDbPDcCTd2020-12-04iLF1l0oxxx A325mp49239-20r2020-12-04te.2w2020-12-04yLFPD c49239d49239